Southville International School and Colleges
Your cart is empty.
  • Cart
  • Lists
    Public lists Eva Luna New books Lux_list list_1
    Your lists Log in to create your own lists
  • Log in to your account
  • Your cookies
  • Search history
Southville International School and Colleges
  • Advanced search
  • Recent comments
  • Most popular
  • Libraries

Log in to your account

Log in with GOOGLE


If you do not have an external account, but do have a local account, you can still log in:

  1. Home
  2. MARC view: Through the eyes of leonardo da vinci
Normal view MARC view ISBD view

Through the eyes of leonardo da vinci (Record no. 2234)

[ view plain ]
MARC details
000 -LEADER
fixed length control field 00613nam a22001937a 4500
003 - CONTROL NUMBER IDENTIFIER
control field NTu
005 - DATE AND TIME OF LATEST TRANSACTION
control field 20151028094706.0
008 - FIXED-LENGTH DATA ELEMENTS--GENERAL INFORMATION
fixed length control field 130308t xxu||||| |||| 00| 0 eng d
020 ## - INTERNATIONAL STANDARD BOOK NUMBER
International Standard Book Number 0517224690
050 ## - LIBRARY OF CONGRESS CALL NUMBER
Classification number NC 257
Item number .T531 2004
082 ## - DEWEY DECIMAL CLASSIFICATION NUMBER
Classification number IB 759.5
Item number T41 2004
245 ## - TITLE STATEMENT
Title Through the eyes of leonardo da vinci
Statement of responsibility, etc with accompanying text by barrington barber and introductions by William Wray.
260 ## - PUBLICATION, DISTRIBUTION, ETC. (IMPRINT)
Place of publication, distribution, etc New York :
Name of publisher, distributor, etc Gramercy Books,
Date of publication, distribution, etc c2004.
300 ## - PHYSICAL DESCRIPTION
Extent 192 p. :
Dimensions 31 cm.
Other physical details col. : ill. ;
562 ## - COPY AND VERSION IDENTIFICATION NOTE
Number of copies 1
650 ## - SUBJECT ADDED ENTRY--TOPICAL TERM
Topical term or geographic name as entry element Da Vinci, Leonardo
General subdivision Drawings
-- Renaissance Period
942 ## - ADDED ENTRY ELEMENTS (KOHA)
Source of classification or shelving scheme Library of Congress Classification
Koha item type Books
Holdings
Withdrawn status Lost status Source of classification or shelving scheme Damaged status Home library Current library Shelving location Date acquired Total Checkouts Full call number Barcode Date last seen Copy number Price effective from Koha item type
    Library of Congress Classification   Luxembourg Library Luxembourg Library International Baccalaureate Section 06/22/2013   NC 257 .T531 2004 17094 08/13/2013 1 10/03/2013 Books

Through the eyes of leonardo da vinci

APA

(2004). Through the eyes of leonardo da vinci. New York: Gramercy Books.

Chicago

2004. Through the eyes of leonardo da vinci. New York: Gramercy Books.

Harvard

(2004). Through the eyes of leonardo da vinci. New York: Gramercy Books.

MLA

Through the eyes of leonardo da vinci. New York: Gramercy Books. 2004.

  • Place hold
  • Print
  • Cite
  • Add to your cart (remove)
  • Save record
    BIBTEX Dublin Core MARCXML MARC (non-Unicode/MARC-8) MARC (Unicode/UTF-8) MARC (Unicode/UTF-8, Standard) MODS (XML) RIS
  • More searches
    Search for this title in:
    Other Libraries (WorldCat) Other Databases (Google Scholar) Online Stores (Bookfinder.com) Open Library (openlibrary.org)

Exporting to Dublin Core...

SOUTHVILLE LIBRARY

Southville International School and Colleges Library

1281 Tropical Ave. Cor. Luxembourg St., BF Homes International, Las Pinas City

Tel. No. 8256374 / 252358 Loc. 117/146

Powered by Koha